00000000nam 2200000za 4500
0019.828767
003CaOODSP
00520221107145125
007cr |||||||||||
008161207s1935    onc     o    f000 0 eng d
040 |aCaOODSP|beng
043 |an-cn-bc
0861 |aZ1-1935/8E-PDF
24500|aReport of Royal Commission concerning industrial dispute on Vancouver waterfront |h[electronic resource].
260 |a[Ottawa] : |b[Printer to the King], |c[1935]
300 |a[14] p.
500 |aIssued also in French under title: Rapport d'une Commission royale concernant un conflit du travail sur les quais de Vancouver.
500 |aHistorical publication digitized by the Privy Council Office of Canada.
500 |aCaption title.
500 |aPrinted in: The Labour Gazette, vol. XXXV, November, 1935, p. 982-995.
500 |aCommissioner: H.H. Davis.
69207|2gccst|aCommissions of inquiry
69207|2gccst|aWharfs
69207|2gccst|aLabour disputes
7001 |aDavis, Henry Hague.
7101 |aCanada. |bPrivy Council Office.
7101 |aCanada.|bCommission to Inquire Into the Industrial Dispute Involving the Shipping Federation of British Columbia Limited and the Long-shore Workers at Vancouver, British Columbia.
77508|tRapport d'une Commission royale concernant un conflit du travail sur les quais de Vancouver |w(CaOODSP)9.828769
85640|qPDF|s1.26 MB|uhttps://publications.gc.ca/collections/collection_2016/bcp-pco/Z1-1935-8-eng.pdf